[Event "Relampago R-032 corr"]
[Site "CXV corr"]
[Date "2001.09.17"]
[Round "?"]
[White "Perez Correa, Miguel Angel"]
[Black "Nunes Feitosa, Nilton"]
[Result "0-1"]
[WhiteElo "1456"]
[BlackElo "1440"]
[PlyCount "68"]
[EventDate "2001.??.??"]
[EventType "tourn (corr)"]
[EventRounds "6"]
[EventCountry "BRA"]
[SourceTitle "Corr 2004"]
[Source "ChessBase"]
[SourceDate "2003.04.28"]
[SourceVersion "3"]
[SourceVersionDate "2003.04.28"]
[SourceQuality "1"]

1. e4 e5 2. Nh3 Nf6 3. Qf3 Nc6 4. Qb3 Bc5 5. Ng5 Bxf2+ 6. Kxf2 Ng4+ 7. Ke1 Qxg5 8. Bc4 0-0 9. Rf1 Nf6 10. Nc3 Nd4 11. Qa4 c6 12. d3 Qxg2 13. Be3 Nf3+ 14. Rxf3 Qxf3 15. Kd2 Ng4 16. Re1 Nxh2 17. Bc5 Nf1+ 18. Kc1 Re8 19. Qb3 Qf4+ 20. Re3 Nxe3 21. Ne2 Qf1+ 22. Kd2 Nxc4+ 23. Qxc4 b5 24. Qc3 d5 25. exd5 Bg4 26. Ng3 Qg2+ 27. Kc1 cxd5 28. Qe1 Qf3 29. b3 a5 30. d4 exd4 31. Be7 Qe3+ 32. Qd2 Qxd2+ 33. Kxd2 Rxe7 34. c3 dxc3+ 0-1

[Event "Relampago R-032 corr"]
[Site "CXV corr"]
[Date "2001.08.05"]
[Round "?"]
[White "Oliveira Pinto, Oswaldo"]
[Black "Nunes Feitosa, Nilton"]
[Result "1-0"]
[WhiteElo "1553"]
[BlackElo "1464"]
[PlyCount "114"]
[EventDate "2001.??.??"]
[EventType "tourn (corr)"]
[EventRounds "6"]
[EventCountry "BRA"]
[SourceTitle "Corr 2004"]
[Source "ChessBase"]
[SourceDate "2003.04.28"]
[SourceVersion "3"]
[SourceVersionDate "2003.04.28"]
[SourceQuality "1"]

1. e4 e5 2. Nf3 Nc6 3. Bb5 Nf6 4. 0-0 Bc5 5. Nxe5 Qe7 6. Nf3 Nd4 7. Nxd4 Bxd4 8. d3 c6 9. Ba4 0-0 10. c3 Bb6 11. Bg5 d6 12. Bxf6 Qxf6 13. Nd2 a5 14. Qf3 Kh8 15. Qxf6 gxf6 16. Nc4 Bc7 17. Bd1 b5 18. Ne3 Rg8 19. Kh1 Be6 20. g3 d5 21. exd5 cxd5 22. d4 f5 23. f4 h6 24. Bf3 Rad8 25. Bg2 Bb6 26. Bh3 b4 27. Bxf5 Rc8 28. Bxe6 fxe6 29. Rac1 Ra8 30. f5 exf5 31. Nxd5 bxc3 32. bxc3 Bd8 33. Rxf5 Bg5 34. Rc2 Rab8 35. Kg2 a4 36. Nb4 Ra8 37. Nc6 a3 38. Ra5 Be3 39. Rxa8 Rxa8 40. d5 Ra6 41. Re2 Bc5 42. Kf3 Rb6 43. Re8+ Kg7 44. Rb8 Rb2 45. Nb4 Rf2+ 46. Ke4 Rxh2 47. Rb5 Bd6 48. Kf5 Rh3 49. Ke6 Bxb4 50. Rxb4 Rxg3 51. d6 Re3+ 52. Kd7 Re2 53. c4 h5 54. c5 Rxa2 55. c6 Rc2 56. c7 a2 57. Ra4 h4 1-0

[Event "Relampago R-032 corr"]
[Site "CXV corr"]
[Date "2001.08.04"]
[Round "?"]
[White "Nunes Feitosa, Nilton"]
[Black "Neto Malvaso, Jose"]
[Result "0-1"]
[WhiteElo "1472"]
[BlackElo "1660"]
[PlyCount "72"]
[EventDate "2001.??.??"]
[EventType "tourn (corr)"]
[EventRounds "6"]
[EventCountry "BRA"]
[SourceTitle "Corr 2004"]
[Source "ChessBase"]
[SourceDate "2003.04.28"]
[SourceVersion "3"]
[SourceVersionDate "2003.04.28"]
[SourceQuality "1"]

1. e4 e5 2. Nc3 Nf6 3. Bc4 d6 4. d3 Be7 5. Nf3 Bg4 6. Nd5 Nxd5 7. Bxd5 c6 8. Bb3 0-0 9. Bd2 Nd7 10. h3 Bxf3 11. Qxf3 Nc5 12. d4 exd4 13. Bc4 Bf6 14. 0-0-0 Re8 15. Bd3 Nxd3+ 16. Qxd3 d5 17. exd5 Qxd5 18. Kb1 Qxg2 19. h4 Qxf2 20. Bg5 Bxg5 21. hxg5 g6 22. Qh3 h5 23. gxh6 Re2 24. h7+ Kh8 25. Qb3 Re7 26. a3 Rd8 27. Rhf1 Qe2 28. Ka2 Rdd7 29. Rg1 Kxh7 30. Qh3+ Qh5 31. Qg2 Qd5+ 32. b3 Qxg2 33. Rxg2 Re4 34. Rh1+ Kg7 35. Rgh2 Rde7 36. Rh7+ Kf6 0-1

[Event "Relampago R-032 corr"]
[Site "CXV corr"]
[Date "2001.06.23"]
[Round "?"]
[White "Popp, Tony"]
[Black "Nunes Feitosa, Nilton"]
[Result "1-0"]
[WhiteElo "1439"]
[BlackElo "1504"]
[PlyCount "65"]
[EventDate "2001.??.??"]
[EventType "tourn (corr)"]
[EventRounds "6"]
[EventCountry "BRA"]
[SourceTitle "Corr 2004"]
[Source "ChessBase"]
[SourceDate "2003.04.28"]
[SourceVersion "3"]
[SourceVersionDate "2003.04.28"]
[SourceQuality "1"]

1. d4 d5 2. c4 e6 3. g3 Nf6 4. Bg2 c5 5. cxd5 exd5 6. Nf3 Be7 7. 0-0 0-0 8. Nc3 Nc6 9. Bg5 c4 10. Ne5 Ne4 11. Bxe7 Nxe7 12. Nxe4 dxe4 13. Bxe4 f5 14. Bg2 Rb8 15. Nxc4 Ng6 16. Ne5 Be6 17. Nxg6 hxg6 18. d5 Bd7 19. Rc1 g5 20. d6 Rc8 21. Bxb7 Rb8 22. Qd5+ Rf7 23. Rc7 f4 24. Bc6 Rxb2 25. Rxd7 Qf6 26. Rc7 Rb8 27. d7 Qd8 28. Rxa7 Kf8 29. Qd6+ Re7 30. gxf4 g4 31. Rd1 Kg8 32. Qxb8 Rxd7 33. Qxd8+ 1-0

[Event "Relampago R-028 corr"]
[Site "CXV corr"]
[Date "2001.04.10"]
[Round "?"]
[White "Nunes Feitosa, Nilton"]
[Black "Diego do Nascimento, Matheus"]
[Result "1-0"]
[WhiteElo "1475"]
[BlackElo "1411"]
[PlyCount "23"]
[EventDate "2001.??.??"]
[EventType "tourn (corr)"]
[EventRounds "6"]
[EventCountry "BRA"]
[SourceTitle "Corr 2004"]
[Source "ChessBase"]
[SourceDate "2003.04.28"]
[SourceVersion "3"]
[SourceVersionDate "2003.04.28"]
[SourceQuality "1"]

1. e4 c6 2. d4 d5 3. Nc3 e6 4. e5 Bb4 5. Nf3 h6 6. Bd3 b5 7. 0-0 Ne7 8. Ne2 Ba5 9. Bd2 f5 10. exf6 gxf6 11. Nf4 Kf7 12. Ne5+ 1-0

[Event "Relampago R-028 corr"]
[Site "CXV corr"]
[Date "2001.03.26"]
[Round "?"]
[White "Nunes Feitosa, Nilton"]
[Black "Lingenover, Wagner Charles"]
[Result "1-0"]
[WhiteElo "1483"]
[BlackElo "1429"]
[PlyCount "29"]
[EventDate "2001.??.??"]
[EventType "tourn (corr)"]
[EventRounds "6"]
[EventCountry "BRA"]
[SourceTitle "Corr 2004"]
[Source "ChessBase"]
[SourceDate "2003.04.28"]
[SourceVersion "3"]
[SourceVersionDate "2003.04.28"]
[SourceQuality "1"]

1. e4 e5 2. Nf3 Nc6 3. Nc3 d6 4. Bb5 Nge7 5. d3 a6 6. Bc4 Ng8 7. d4 b5 8. Bd5 Bd7 9. Ng5 Qe7 10. Bxf7+ Kd8 11. Bxg8 Rxg8 12. Nxh7 Rh8 13. Bg5 Rxh7 14. Bxe7+ Bxe7 15. dxe5 1-0